Treasure island
| Main Author: | |
|---|---|
| Format: | Book |
| Published: |
London :
Pavilion Books Limited ,
1994
|
| Subjects: |
MARC
| LEADER | 00000cam a2200000 7i4500 | ||
|---|---|---|---|
| 001 | 0000072329 | ||
| 005 | 20170508.0 | ||
| 008 | 170508 | ||
| 020 | |a 1851459626 | ||
| 020 | |a 9781851459629 | ||
| 090 | 0 | 0 | |a CT |b ENG |
| 100 | 1 | |a Stevenson,Robert Louis | |
| 245 | 1 | 0 | |a Treasure island |c Robert Louis Stevenson; illustrated by Justin Todd |
| 260 | |a London : |b Pavilion Books Limited , |c 1994 | ||
| 300 | |a 182pg : |b Col.ill | ||
| 500 | |a Children ages 10-12 years old (pink) | ||
| 650 | 0 | |a Classic tales | |
| 999 | |a 0000797483 |b Book |c Children Collection |e Cawangan Segamat | ||